| 000 | 01725nam a2200337 i 4500 | ||
|---|---|---|---|
| 001 | 74339 | ||
| 003 | ES-MaACL | ||
| 005 | 20250717063028.0 | ||
| 007 | t| | ||
| 008 | 040917s1912 sp ||||1| spa d | ||
| 040 | _cES-MaACL | ||
| 080 | _a339:37 | ||
| 100 | 1 |
_aGonzález Revilla, Leopoldo, _d1858-1915 _eaut _958905 |
|
| 245 | 1 | 3 |
_aEl Congreso Internacional de Enseñanza Mercantil de Viena en 1910 / _cpor el Dr. Leopoldo González Revilla |
| 260 |
_aMadrid : _b[Junta para Ampliación de Estudios e Investigaciones Científicas], _c1912 _f(Imp. de Fortanet) |
||
| 300 |
_aPáginas [87]-137 ; _c24 cm. |
||
| 490 | 1 |
_aAnales del Junta para Ampliación de Estudios e Investigaciones Científicas ; _vt. 9, memoria 3 |
|
| 500 | _aAntes del texto: "Fragmento de la memoria presentada a la Junta para Ampliación de Estudios..." | ||
| 530 | _aDisponible en formato digital | ||
| 611 | 2 | 4 |
_9423 _aCongreso Internacional de Enseñanza Mercantil _n(9º. _d1910. _cViena) |
| 650 | 4 |
_aComercio- _vCongresos y asambleas _9161811 |
|
| 710 | 2 |
_aJunta para la Ampliación de Estudios e Investigaciones Científicas. _eedt _95413 |
|
| 711 | 2 |
_aCongreso Internacional de Enseñanza Mercantil ( _n9º. _d1910. _cViena) _9423 |
|
| 830 | 0 |
_aAnales del Junta para Ampliación de Estudios e Investigaciones Científicas ; _vt. 9, memoria 3 _9231211 |
|
| 852 |
_aES-MaACL _cDEPOF _gDedicatoria autógr. del autor _hDonativo de Leopoldo González Revilla _jT-1325-F-4 |
||
| 852 |
_aES-MaACL _cSPB _jB-13165(2) |
||
| 856 | 4 |
_uhttps://bdh-rd.bne.es/viewer.vm?id=0000310022&page=1 _yVersión en línea _z(Biblioteca Digital Hispánica) |
|
| 942 |
_cMONOGRAFIA _n0 |
||
| 999 |
_c74339 _d74339 |
||